| 000 | 00370nam a2200157Ia 4500 | ||
|---|---|---|---|
| 008 | 230917s9999||||xx |||||||||||||| ||und|| | ||
| 040 |
_e62020 _aMAIN |
||
| 041 | _aEnglish | ||
| 082 | _a364.1 G613D | ||
| 100 | _aGoode, Erich | ||
| 245 | 0 | _aDeviant behaviour | |
| 250 | _a3rd ed. | ||
| 260 |
_aNew Jersey _bPrentice- Hall _c1990 |
||
| 300 | _axv, 382 p. | ||
| 942 | _cBK | ||
| 999 |
_c86117 _d86117 |
||